Matemática intuitiva; un camino hacia la matemática /
Guardado en:
| Autor Principal: | |
|---|---|
| Formato: | Libro |
| Publicado: |
Argentina :
Troquel,
1967
|
| Materias: | |
| Etiquetas: |
Agregar Etiqueta
Sin Etiquetas, Sea el primero en etiquetar este registro!
|
| LEADER | 00677nam a22002175a 4500 | ||
|---|---|---|---|
| 001 | CEM.cems003310 | ||
| 005 | 19000101000000.0 | ||
| 008 | 130507s1967##################000#0#####d | ||
| 003 | CEMS | ||
| 082 | 0 | 4 | |a 510 |
| 100 | 1 | |a Houssay, Ana Carlota Gerompini de | |
| 245 | 1 | 0 | |a Matemática intuitiva; un camino hacia la matemática / |c Ana Carlota Gerompini de Houssay |
| 260 | |a Argentina : |b Troquel, |c 1967 | ||
| 300 | |a 390 p. | ||
| 653 | |a Angulos inscriptos | ||
| 653 | |a Area | ||
| 653 | |a Circulo | ||
| 653 | |a Circunferencia | ||
| 653 | |a Ecuaciones | ||
| 859 | |a CEMS |b BIB. CEMS - 11 de abril |h 510 |i H817 |p 1112.73 |t Ej.1 | ||
| 859 | |a CEMS |b BIB. CEMS - 11 de abril |h 510 |i H817 |p 1113.73 |t Ej.2 | ||
